A classical introduction to modern number theory / (Record no. 29188)

000 -LEADER
fixed length control field 00834 a2200217 4500
020 ## - INTERNATIONAL STANDARD BOOK NUMBER
International Standard Book Number 038797329X
020 ## - INTERNATIONAL STANDARD BOOK NUMBER
International Standard Book Number 9780387973296
082 04 - DEWEY DECIMAL CLASSIFICATION NUMBER
Classification number 512.7
090 ## - LOCALLY ASSIGNED LC-TYPE CALL NUMBER (OCLC); LOCAL CALL NUMBER (RLIN)
-- 558
-- 558
100 1# - MAIN ENTRY--PERSONAL NAME
Personal name Ireland, Kenneth.
245 12 - TITLE STATEMENT
Title A classical introduction to modern number theory /
Statement of responsibility, etc. Kenneth Ireland, Michael Rosen.
250 ## - EDITION STATEMENT
Edition statement 2nd ed.
260 ## - PUBLICATION, DISTRIBUTION, ETC.
Place of publication, distribution, etc. [S.l.] :
Name of publisher, distributor, etc. Springer,
Date of publication, distribution, etc. 1990.
300 ## - PHYSICAL DESCRIPTION
Extent 403 p. ;
Dimensions 24 cm.
490 1# - SERIES STATEMENT
Series statement Graduate texts in mathematics) (V. 84.
700 1# - ADDED ENTRY--PERSONAL NAME
Personal name Rosen, Michael.
830 #0 - SERIES ADDED ENTRY--UNIFORM TITLE
Uniform title Graduate texts in mathematics) (V. 84.
942 ## - ADDED ENTRY ELEMENTS (KOHA)
Institution code [OBSOLETE] SNS
Koha item type Book
Call number prefix 512.7 IRE
Holdings
Withdrawn status Lost status Damaged status Not for loan Permanent Location Current Location Date acquired Total Checkouts Full call number Barcode Date last seen Price effective from Koha item type Date last checked out
        School of Natural Sciences (SNS) School of Natural Sciences (SNS) 05/26/2016   512.7 IRE SNS0000701 05/26/2016 05/26/2016 Book  
        School of Natural Sciences (SNS) School of Natural Sciences (SNS) 05/26/2016 1 512.7 IRE SNS0000922 08/27/2020 05/26/2016 Book 05/29/2019
© 2023 Central Library, National University of Sciences and Technology. All Rights Reserved.